000
00317nam a22001337a 4500
008
171006b xxu||||| |||| 00| 0 eng d
020
_a
9780028042947
041
_a
eng
080
_2
5 ED
_a
159.9
100
_a
49
101
_a
PSI
245
_a
PERSONAL PSYCHOLOGY FOR LIFE WORK
_c
BALTUS.R
942
_2
udc
_c
BK
999
_c
32327
_d
32327